000 00707nam a2200289Ia 4500
005 20260324135116.0
008 008 260324s9999 xx 000 0 eng d
020 _a9781315197036
037 _aEBOOK
040 _aCRL
040 _beng
040 _cCRL
041 _2eng
041 _aeng
084 _qCRL
100 _aEmyr Vaughan Thomas
_91199369
245 0 _aWittgensteinian Values
245 0 _bPhilosophy, Religious Belief and Descriptivist Methodology
260 _bTaylor and Francis
260 _c2001
365 _a
365 _b46.99
856 _uhttp://www.taylorfrancis.com/books/9781315197036
942 _cEBOOK
999 _c1800110
_d1800110